| 000 | 00729nam a2200205 i 4500 | ||
|---|---|---|---|
| 001 | 80579 | ||
| 003 | ES-MaACL | ||
| 005 | 20250806053932.0 | ||
| 007 | t| | ||
| 008 | 041028s1953 sp a |||| | spa d | ||
| 100 | 1 |
_aHoff, Ferdinand. _963932 |
|
| 245 | 1 | 0 |
_aModernos aspectos de la medicina clínica / _cpor Ferdinand Hoff ; traducción del alemán por N. Lloret Barber y José Mª Masriera y Sagalés. |
| 260 |
_aBarcelona : _bCientífico-Médica, _c1953 ( _fDelriu) |
||
| 300 |
_aVII, 428 p. : _bil. ; _c25 cm. |
||
| 650 | 0 | 7 |
_aMedicina clínica _2embne _914921 |
| 700 | 1 |
_aLloret Barber, N. _972921 |
|
| 700 | 1 |
_aMasriera y Sagalés, José María. _978779 |
|
| 852 |
_aES-MaACL _jD-6622 |
||
| 999 |
_c80579 _d80579 |
||